[Event "Let's Play Chess!"]
[Site "http://www.queenalice.com/game.php?id=939049"]
[Date "2011.5.17"]
[Round "-"]
[White "keeneeb"]
[Black "adelio"]
[Result "1-0"]
[WhiteElo "1500"]
[BlackElo "1776"]

1. e4 a6 2. d4 g6 3. f4 e6 4. Nf3 h6 5. Be3 d6 6. Nc3 b5 7. a3 Rh7 8. Bd3 Ra7 9.
O-O c6 10. f5 g5 11. e5 g4 12. fxe6 fxe6 13. Bg6+ Rhf7 14. Nd2 Qh4 15. d5 Re7
16. dxe6 Bxe6 17. exd6 Rd7 18. Nde4 Kd8 19. Bxf7 Bxf7 20. Bb6+ Kc8 21. Bc7 h5
22. Qd4 Rxc7 23. dxc7 Kxc7 24. Rxf7+ Be7 25. Qa7+ Kc8 26. Rd1 Nh6 27. Rxe7 Qxe7
28. Qxe7 Nf5 29. Rd8# 1-0

[Event "Let's Play Chess!"]
[Site "http://www.queenalice.com/game.php?id=939050"]
[Date "2011.5.17"]
[Round "-"]
[White "MariusLola"]
[Black "keeneeb"]
[Result "0-1"]
[WhiteElo "1819"]
[BlackElo "1838"]

1. e4 c5 2. Nf3 Nc6 3. d4 cxd4 4. Nxd4 Qb6 5. Nxc6 dxc6 6. Bd3 e5 7. O-O Be7 8.
Qh5 Qc7 9. Bc4 Bc5 10. Be3 Bd4 11. Bxd4 exd4 12. e5 Nh6 13. Re1 c5 14. e6 O-O
15. e7 Re8 16. Qg5 Nf5 17. Bb5 f6 18. Qh5 Rxe7 19. Rxe7 Qxe7 20. Na3 a6 21. Bc4+
Kh8 22. Bd3 g6 23. Qf3 Rb8 24. g3 b5 25. Kf1 Bb7 26. Qf4 Re8 27. Bxf5 gxf5 28.
Qd2 Qe4 29. f3 Qxf3+ 30. Qf2 Qh1+ 31. Qg1 Qd5 32. b3 Re3 33. Re1 Rf3+ 34. Ke2
d3+ 35. Kd2 dxc2+ 36. Kxc2 Qd3+ 37. Kb2 Qc3+ 38. Kb1 Be4+ 39. Rxe4 fxe4 40. Nc2
Rd3 41. Qc1 e3 42. Nxe3 Qxc1+ 43. Kxc1 Rxe3 44. Kd2 Re5 45. a4 c4 46. axb5 axb5
47. bxc4 bxc4 48. Kc3 Rc5 49. Kd4 Rc8 50. Kc3 Kg7 51. h3 Kg6 52. Kc2 c3 0-1

[Event "AUTO-OPEN-2366"]
[Site "http://www.queenalice.com/game.php?id=940191"]
[Date "2011.5.19"]
[Round "1"]
[White "chess60"]
[Black "keeneeb"]
[Result "0-1"]
[WhiteElo "1428"]
[BlackElo "1838"]

1. e4 e5 2. Nf3 Nc6 3. Bb5 a6 4. Bxc6 dxc6 5. O-O Bc5 6. d3 f6 7. Be3 Bxe3 8.
fxe3 Ne7 9. d4 exd4 10. exd4 O-O 11. Nc3 Bg4 12. h3 Bh5 13. d5 cxd5 14. exd5 Re8
15. Re1 Qd7 16. Ne4 Rad8 17. c4 b6 18. Ng3 Bg6 19. Ne4 Nc8 20. Nfd2 Nd6 21. Nxd6
Qxd6 22. Re6 Rxe6 23. dxe6 Qxe6 24. Qg4 Qe3+ 25. Kh1 Qxd2 26. c5 Qxb2 27. Qe6+
Bf7 28. Qe1 Qd2 29. Rd1 Qxd1 30. Qxd1 Rxd1+ 31. Kh2 bxc5 32. a4 c4 33. g4 c3 34.
Kg3 c2 35. Kh4 c1=R 36. g5 fxg5+ 37. Kxg5 Rc5+ 0-1

[Event "AUTO-OPEN-2366"]
[Site "http://www.queenalice.com/game.php?id=940192"]
[Date "2011.5.19"]
[Round "1"]
[White "keeneeb"]
[Black "chess60"]
[Result "1-0"]
[WhiteElo "1838"]
[BlackElo "1407"]

1. e4 e5 2. Nf3 Nc6 3. Bc4 f6 4. d4 Na5 5. Bd3 Bd6 6. dxe5 fxe5 7. O-O h6 8.
Nxe5 Bxe5 9. Qh5+ Kf8 10. Qxe5 Nc6 11. Qf4+ Nf6 12. e5 d6 13. exf6 Qxf6 14. Bd2
Ne5 15. Be4 Nc4 16. Qxf6+ gxf6 17. Bc3 Ne5 18. f4 Ng4 19. h3 Ne3 20. Bxf6 Rg8
21. Rf2 Kf7 22. Bd4 Nc4 23. Bd5+ Be6 24. Bxe6+ Kxe6 25. b3 Nb6 26. c4 d5 27.
Re2+ Kf5 28. Be5 c6 29. Nd2 Nd7 30. Rf1 Rge8 31. g4+ Kg6 32. Nf3 Nc5 33. Nh4+
Kh7 34. cxd5 Nd3 35. Ng2 Nxe5 36. fxe5 cxd5 37. Rd1 Rad8 38. e6 Re7 39. Rd4 Rd6
40. Nf4 Kg7 41. Rxd5 Rxd5 42. Nxd5 Rd7 43. exd7 1-0

[Event "AUTO-OPEN-2366"]
[Site "http://www.queenalice.com/game.php?id=940213"]
[Date "2011.5.19"]
[Round "1"]
[White "keeneeb"]
[Black "italomachado"]
[Result "1-0"]
[WhiteElo "1914"]
[BlackElo "1447"]

1. e4 e5 2. Nf3 Qf6 3. Nc3 c6 4. d4 exd4 5. Nxd4 Bc5 6. Be3 d6 7. Bd3 Be6 8. O-O
Nd7 9. Nxe6 fxe6 10. Bxc5 dxc5 11. Kh1 Ne5 12. Qe2 b5 13. f4 Nd7 14. Qf3 O-O-O
15. e5 Qf7 16. Be4 Rf8 17. Bxc6 Nb6 18. Nxb5 Qg6 19. Nxa7+ Kd8 20. Rad1+ Ke7 21.
Qa3 Kf7 22. Qxc5 Rb8 23. Nb5 Ne7 24. Nd6+ Kg8 25. Nb7 h5 26. Qxb6 Nf5 27. Rd8+
Rxd8 28. Qxd8+ Kh7 29. Qg5 Qf7 30. Nd6 Qc7 31. Qxh5+ Nh6 32. Be4+ Kg8 33. Qe8#
1-0

[Event "AUTO-OPEN-2366"]
[Site "http://www.queenalice.com/game.php?id=940214"]
[Date "2011.5.19"]
[Round "1"]
[White "italomachado"]
[Black "keeneeb"]
[Result "0-1"]
[WhiteElo "1447"]
[BlackElo "1914"]

1. e4 e5 2. d4 exd4 3. Qxd4 Nc6 4. Qd3 Nf6 5. Qe2 d6 6. Bg5 Be7 7. Nc3 O-O 8.
Qf3 Nd4 9. Qg3 Nxc2+ 10. Ke2 Nxa1 11. Bh6 Ng4 12. h3 Nxh6 13. Ke1 Nc2+ 14. Kd1
Nd4 15. f4 f5 16. Bc4+ Kh8 17. Qd3 c5 18. g4 fxg4 19. hxg4 Bxg4+ 20. Kc1 Rxf4
21. Nge2 Rf3 22. Qd2 Bg5 23. Nf4 Bxf4 24. Qxf4 Rxf4 25. Nd5 Rxe4 26. Kd2 Qg5+
27. Kc3 b5 28. Nc7 Qe3+ 29. Bd3 c4 30. Rd1 cxd3 31. Nd5 Ne2+ 32. Kb3 Be6 33. a4
Bxd5+ 34. Ka3 d2+ 35. b3 Qxb3# 0-1

[Event "AUTO-OPEN-2366"]
[Site "http://www.queenalice.com/game.php?id=940215"]
[Date "2011.5.19"]
[Round "1"]
[White "keeneeb"]
[Black "McKubik"]
[Result "1-0"]
[WhiteElo "1914"]
[BlackElo "1355"]

1. e4 e5 2. Nf3 Nc6 3. Bc4 Nf6 4. Ng5 Qe7 5. Bxf7+ Kd8 6. Bc4 Nd4 7. Nf7+ Ke8 8.
Nxh8 d6 9. Nc3 Bg4 10. f3 Bh5 11. d3 c5 12. g4 Bf7 13. Nxf7 a6 14. Ng5 g6 15.
Nd5 Nxd5 16. Bxd5 Bh6 17. h4 Qf8 18. Rf1 Rb8 19. c3 Nb5 20. Ne6 Qe7 21. Bg5 Qd7
22. Bxh6 b6 23. Qd2 Nc7 24. Nxc7+ Qxc7 25. Qg5 Kd7 26. Qf6 Qd8 27. Qxd8+ Rxd8
28. Ke2 b5 29. f4 Rf8 30. fxe5 Re8 31. Rf7+ Kc8 32. exd6 Rd8 33. Rf8 Rxf8 34.
Bxf8 h5 35. g5 c4 36. e5 cxd3+ 37. Kxd3 Kd8 38. e6 Ke8 39. Rf1 a5 40. Bg7 Kd8
41. Rf8# 1-0

[Event "AUTO-OPEN-2366"]
[Site "http://www.queenalice.com/game.php?id=940216"]
[Date "2011.5.19"]
[Round "1"]
[White "McKubik"]
[Black "keeneeb"]
[Result "0-1"]
[WhiteElo "1374"]
[BlackElo "1914"]

1. e4 c5 2. Nc3 e6 3. Nf3 Nc6 4. Bb5 g6 5. d3 Bg7 6. Qd2 Nge7 7. Bxc6 Nxc6 8.
O-O O-O 9. h3 d5 10. exd5 exd5 11. Re1 Be6 12. Ng5 Qf6 13. Nb5 Bd7 14. Nc7 h6
15. Nxa8 Rxa8 16. Nf3 Bxh3 17. gxh3 Qxf3 18. Qe2 Qxh3 19. Bf4 Nd4 20. Qd2 Nf3#
0-1

[Event "Let's Play Chess!"]
[Site "http://www.queenalice.com/game.php?id=955677"]
[Date "2011.7.1"]
[Round "-"]
[White "keeneeb"]
[Black "ro_reinert"]
[Result "1-0"]
[WhiteElo "1914"]
[BlackElo "930"]

1. d4 d5 2. c4 e6 3. Nc3 Nf6 4. Nf3 Bb4 5. a3 Bd6 6. Ne5 O-O 7. Bg5 Nc6 8. f4 a5
9. cxd5 Ne7 10. e4 a4 11. Nxf7 Rxf7 12. e5 1-0

[Event "Let's Play Chess!"]
[Site "http://www.queenalice.com/game.php?id=955678"]
[Date "2011.7.1"]
[Round "-"]
[White "ro_reinert"]
[Black "keeneeb"]
[Result "0-1"]
[WhiteElo "930"]
[BlackElo "1914"]

1. e4 c5 2. Bc4 e6 3. Nf3 d5 4. Bb5+ Nc6 5. O-O Ne7 6. d3 a6 7. Ba4 b5 8. Bb3 c4
9. exd5 exd5 10. Be3 cxb3 11. Nc3 bxc2 0-1

[Event "AUTO-OPEN-2428"]
[Site "http://www.queenalice.com/game.php?id=966231"]
[Date "2011.7.29"]
[Round "1"]
[White "Catamarca"]
[Black "keeneeb"]
[Result "1-0"]
[WhiteElo "1722"]
[BlackElo "1921"]

1. e4 c5 2. Bc4 e6 3. Nf3 d5 4. exd5 exd5 5. Bb5+ Nd7 6. Bxd7+ Bxd7 7. O-O Be7
8. d4 Nf6 9. dxc5 Bxc5 10. Re1+ Be6 11. Bg5 O-O 12. a3 h6 13. Bh4 g5 14. Bg3 Qb6
15. b4 Bd6 16. Bxd6 Qxd6 17. Nc3 Rac8 18. Nb5 Qf4 19. Nxa7 1-0

[Event "AUTO-OPEN-2428"]
[Site "http://www.queenalice.com/game.php?id=966232"]
[Date "2011.7.29"]
[Round "1"]
[White "keeneeb"]
[Black "Catamarca"]
[Result "0-1"]
[WhiteElo "1888"]
[BlackElo "1746"]

1. e4 d6 2. d4 Nd7 3. b4 Ngf6 4. Bd3 g6 5. Nf3 Bg7 6. O-O O-O 7. Bb2 a6 8. Nc3
b5 9. a4 Bb7 10. axb5 axb5 11. Re1 e5 12. dxe5 dxe5 13. Bxb5 c6 14. Bc4 Qb6 15.
Qd6 Ng4 16. Qxd7 Qxf2+ 17. Kh1 Qb6 18. Qxg4 Qf2 0-1

[Event "AUTO-OPEN-2428"]
[Site "http://www.queenalice.com/game.php?id=966259"]
[Date "2011.7.29"]
[Round "1"]
[White "jeffersoncarlos"]
[Black "keeneeb"]
[Result "0-1"]
[WhiteElo "1100"]
[BlackElo "1932"]

1. d4 d5 2. Nc3 Nc6 3. e4 e6 4. exd5 exd5 5. Nh3 Bb4 6. Bd2 Nf6 7. Qe2+ Be6 8.
Bh6 gxh6 9. O-O-O Qe7 10. Nf4 O-O-O 11. Na4 Ne4 12. f3 Nd6 13. c3 Ba5 14. Qe3
Nc4 15. Qd3 Qg5 16. g3 Bf5 17. Qe2 Rhe8 18. Qg2 Ne3 19. Qe2 Nxd1 20. Qxd1 a6 21.
h4 Qxg3 22. Rh3 Qxf4+ 23. Qd2 Re1# 0-1

[Event "AUTO-OPEN-2428"]
[Site "http://www.queenalice.com/game.php?id=966279"]
[Date "2011.7.29"]
[Round "1"]
[White "keeneeb"]
[Black "vallef"]
[Result "1-0"]
[WhiteElo "1914"]
[BlackElo "1768"]

1. e4 e5 2. Nf3 Nc6 3. Bc4 h6 4. d4 exd4 5. Nxd4 Nxd4 6. Qxd4 c5 7. Qe3 Nf6 8.
O-O Be7 9. e5 Ng4 10. Qf4 O-O 11. Qxg4 d5 12. Qe2 dxc4 13. Nc3 Re8 14. Bf4 Bf5
15. Rad1 Qb6 16. Nd5 Qc6 17. Nxe7+ Rxe7 18. Qxc4 b6 19. Rd6 Be6 20. Qd3 Qb7 21.
Rd1 Ree8 22. Qg3 g5 23. h4 Kh7 24. hxg5 Rg8 25. Qd3+ Kg7 26. gxh6+ Kf8 27. Rd8+
Ke7 28. Qd6# 1-0

[Event "AUTO-OPEN-2428"]
[Site "http://www.queenalice.com/game.php?id=966280"]
[Date "2011.7.29"]
[Round "1"]
[White "vallef"]
[Black "keeneeb"]
[Result "0-1"]
[WhiteElo "1768"]
[BlackElo "1932"]

1. e4 e5 2. Nf3 Nc6 3. Bc4 Nf6 4. Ng5 d5 5. Bb3 Na5 6. Bxd5 Nxd5 7. exd5 Qxg5 8.
O-O Bg4 9. f3 Bh5 10. d4 Qd8 11. dxe5 Bc5+ 12. Kh1 O-O 13. c3 Nc4 14. Qe2 Nb6
15. Nd2 Nxd5 16. Ne4 Bb6 17. Rd1 f5 18. Ng5 Re8 19. e6 h6 20. c4 hxg5 21. cxd5
f4 22. b3 Qe7 23. Bb2 Be3 24. Be5 Bg6 25. Qc4 Qc5 26. Qxc5 Bxc5 27. a3 c6 28.
dxc6 bxc6 29. Rd7 Bf8 30. Rad1 Rxe6 31. Re1 Rae8 32. g3 Rxe5 0-1

[Event "Challenge"]
[Site "http://www.queenalice.com/game.php?id=974148"]
[Date "2011.8.18"]
[Round "-"]
[White "Kingkila"]
[Black "keeneeb"]
[Result "1-0"]
[WhiteElo "1906"]
[BlackElo "1947"]

1. e4 c5 2. Bc4 e6 3. e5 Nc6 4. Nf3 d6 5. exd6 Bxd6 6. Bb5 Bd7 7. c3 Nf6 8. d3
O-O 9. Bg5 h6 10. Bh4 Be7 11. h3 Qb6 12. Qa4 a6 13. Bxc6 Bxc6 14. Qc2 Nd5 15.
Bg3 f6 16. Na3 Qd8 17. O-O Bd6 18. Bxd6 Qxd6 19. Nc4 1-0

[Event "Challenge"]
[Site "http://www.queenalice.com/game.php?id=974682"]
[Date "2011.8.19"]
[Round "-"]
[White "keeneeb"]
[Black "Pepe_chaves"]
[Result "0-1"]
[WhiteElo "1859"]
[BlackElo "1887"]

1. e4 e5 2. Nf3 Nc6 3. Bc4 h6 4. d4 Bd6 5. dxe5 Nxe5 6. Nxe5 Bxe5 7. Bxf7+ Kxf7
8. Qh5+ Ke6 9. f4 Bf6 10. Qf5+ Ke7 11. e5 d6 0-1